[Event "GER-ch Net blitz qual3"]
[Site "Playchess.com INT"]
[Date "2020.03.21"]
[Round "7"]
[White "Haidekker, Kilian"]
[Black "Kanbach, Moritz"]
[Result "1-0"]
[WhiteElo "1620"]
[BlackElo "1724"]
[PlyCount "59"]
[EventDate "2020.03.21"]
[EventType "swiss (blitz)"]
[EventRounds "9"]
[EventCountry "GER"]
[SourceTitle "CBM 195 Extra"]
[Source "ChessBase"]
[SourceDate "2020.05.31"]
[SourceVersion "1"]
[SourceVersionDate "2020.05.31"]
[SourceQuality "1"]

1. e4 e5 2. Nf3 Nc6 3. Bc4 Bc5 4. c3 d6 5. d4 exd4 6. cxd4 Bb4+ 7. Nc3 Nf6 8. Bg5 h6 9. Bxf6 Qxf6 10. 0-0 0-0 11. Re1 Bg4 12. e5 dxe5 13. dxe5 Qe7 14. e6 Bxe6 15. Qb3 Bxc4 16. Qxc4 Qf6 17. Nd5 Bxe1 18. Nxf6+ gxf6 19. Rxe1 Kh7 20. Qe4+ Kg8 21. Qg4+ Kh8 22. Qf5 Kg7 23. Re4 Rad8 24. h3 Rd1+ 25. Kh2 Ne5 26. Nxe5 fxe5 27. Rg4+ Kh8 28. Qf6+ Kh7 29. Rg7+ Kh8 30. Qxh6# 1-0

[Event "GER-ch Net blitz qual3"]
[Site "Playchess.com INT"]
[Date "2020.03.21"]
[Round "9"]
[White "Marmann, Jan"]
[Black "Kanbach, Moritz"]
[Result "1-0"]
[WhiteElo "1588"]
[BlackElo "1724"]
[PlyCount "67"]
[EventDate "2020.03.21"]
[EventType "swiss (blitz)"]
[EventRounds "9"]
[EventCountry "GER"]
[SourceTitle "CBM 195 Extra"]
[Source "ChessBase"]
[SourceDate "2020.05.31"]
[SourceVersion "1"]
[SourceVersionDate "2020.05.31"]
[SourceQuality "1"]

1. e4 e5 2. Nf3 Nc6 3. d4 exd4 4. Bc4 Bc5 5. c3 dxc3 6. Bxf7+ Kxf7 7. Qd5+ Ke8 8. Qh5+ Kf8 9. Qxc5+ d6 10. Qxc3 Qf6 11. Qc2 Bg4 12. Nbd2 Bxf3 13. Nxf3 Nge7 14. Bg5 Qe6 15. 0-0 h6 16. Bd2 Kf7 17. Bc3 Rhf8 18. Rae1 Kg8 19. a3 Rf7 20. Nd4 Nxd4 21. Bxd4 Nc6 22. Bc3 Re8 23. Re3 Qe7 24. Rfe1 Ne5 25. Qe2 a6 26. g3 Nc6 27. f4 Qd7 28. Qc4 Kh8 29. Kg2 Rfe7 30. b4 Qe6 31. Qxe6 Rxe6 32. Kf3 Kg8 33. h4 g6 34. Rd1 1-0

[Event "GER-ch Net blitz qual3"]
[Site "Playchess.com INT"]
[Date "2020.03.21"]
[Round "1"]
[White "Meschke, Andreas"]
[Black "Kanbach, Moritz"]
[Result "1-0"]
[WhiteElo "2069"]
[BlackElo "1724"]
[PlyCount "83"]
[EventDate "2020.03.21"]
[EventType "swiss (blitz)"]
[EventRounds "9"]
[EventCountry "GER"]
[SourceTitle "CBM 195 Extra"]
[Source "ChessBase"]
[SourceDate "2020.05.31"]
[SourceVersion "1"]
[SourceVersionDate "2020.05.31"]
[SourceQuality "1"]

1. e4 e5 2. Nf3 Nc6 3. Bc4 Nd4 4. c3 Nxf3+ 5. Qxf3 Qf6 6. Qg3 Bc5 7. 0-0 d6 8. d3 Ne7 9. Bg5 Qg6 10. Nd2 h6 11. Bxe7 Qxg3 12. hxg3 Kxe7 13. Nb3 Bb6 14. d4 exd4 15. cxd4 Re8 16. a4 a6 17. a5 Ba7 18. Rac1 c6 19. d5 Bd7 20. Rfd1 c5 21. Nd2 b6 22. axb6 Bxb6 23. Bd3 Ba5 24. Nc4 Bb4 25. e5 dxe5 26. Nxe5 Ba4 27. Bc2 Bxc2 28. Rxc2 Kf8 29. Nd7+ Kg8 30. Nxc5 Rac8 31. Rdc1 Red8 32. Nxa6 Rxc2 33. Rxc2 Be7 34. Nc7 Rd7 35. Kf1 Bd8 36. Nb5 Rxd5 37. Rc8 Kh7 38. Nc3 Rd2 39. Rb8 Bf6 40. Ne4 Rxb2 41. Nxf6+ gxf6 42. Rxb2 1-0

[Event "Vellmar op 11th"]
[Site "Vellmar"]
[Date "2019.07.06"]
[Round "5"]
[White "Kanbach, Moritz"]
[Black "Powalla, Klaus"]
[Result "0-1"]
[WhiteElo "1647"]
[BlackElo "1944"]
[PlyCount "58"]
[EventDate "2019.07.04"]
[EventType "swiss"]
[EventRounds "7"]
[EventCountry "GER"]
[SourceTitle "CBM 191 Extra"]
[Source "ChessBase"]
[SourceDate "2019.09.30"]
[SourceVersion "1"]
[SourceVersionDate "2019.09.30"]
[SourceQuality "1"]

1. e4 Nf6 2. Nc3 e5 3. Bc4 Nc6 4. d3 Bc5 5. Nf3 h6 6. Be3 Bb6 7. h3 d6 8. Qe2 Bd7 9. a3 Ne7 10. Bb3 c6 11. Na4 Ba5+ 12. Bd2 b5 13. Nc3 Bb6 14. 0-0 a5 15. Be3 0-0 16. Bxb6 Qxb6 17. Qe3 Qc7 18. Ne2 Ng6 19. Qd2 Nh5 20. c4 Qc8 21. cxb5 Bxh3 22. bxc6 Bxg2 23. Kxg2 Ngf4+ 24. Kg1 Qh3 25. Nxf4 Nxf4 26. Nh4 Qg4+ 27. Kh1 Qxh4+ 28. Kg1 Qg4+ 29. Kh2 Qg2# 0-1

[Event "Vellmar op 11th"]
[Site "Vellmar"]
[Date "2019.07.05"]
[Round "2"]
[White "Ullmann, Ralf"]
[Black "Kanbach, Moritz"]
[Result "0-1"]
[WhiteElo "1830"]
[BlackElo "1647"]
[PlyCount "138"]
[EventDate "2019.07.04"]
[EventType "swiss"]
[EventRounds "7"]
[EventCountry "GER"]
[SourceTitle "CBM 191 Extra"]
[Source "ChessBase"]
[SourceDate "2019.09.30"]
[SourceVersion "1"]
[SourceVersionDate "2019.09.30"]
[SourceQuality "1"]

1. e4 e5 2. Nf3 Nc6 3. Bc4 Bc5 4. c3 Nf6 5. d4 exd4 6. e5 Ne4 7. cxd4 Bb4+ 8. Bd2 Nxd2 9. Nbxd2 d5 10. Bb5 Bd7 11. Bxc6 Bxc6 12. 0-0 Bxd2 13. Qxd2 0-0 14. Rac1 Bb5 15. Rfe1 c6 16. Rc3 Re8 17. Qf4 h6 18. Qg4 Re6 19. h4 Rg6 20. Qh3 Qc8 21. Qh2 Qf5 22. Nd2 Rg4 23. Rce3 Rxd4 24. Nf1 Bxf1 25. Kxf1 Qh5 26. Rh3 Rd1 27. Qf4 Rxe1+ 28. Kxe1 Re8 29. Re3 Qg6 30. Kf1 Qb1+ 31. Re1 Qxb2 32. Qf5 Re6 33. g3 Qxa2 34. Re3 Qc4+ 35. Kg2 d4 36. Rf3 Re8 37. Qd7 Qe6 38. Qxb7 Re7 39. Qa8+ Kh7 40. Rd3 Qxe5 41. Qxc6 Qe4+ 42. Qxe4+ Rxe4 43. Ra3 Re7 44. Rd3 Rd7 45. Kf3 f6 46. Ke2 Kg6 47. Kd2 Kf5 48. f3 g5 49. hxg5 hxg5 50. Ra3 d3 51. Ra5+ Kg6 52. Ra6 Kf7 53. Ra5 Kg6 54. Ra6 g4 55. f4 Rb7 56. Kxd3 Rb3+ 57. Ke4 Rxg3 58. Rxa7 f5+ 59. Kd4 Rf3 60. Ra6+ Kh5 61. Ke5 g3 62. Kxf5 g2 63. Ra8 Kh4 64. Rh8+ Kg3 65. Rg8+ Kf2 66. Rxg2+ Kxg2 67. Ke5 Kg3 68. f5 Kg4 69. f6 Kg5 0-1